[Event "57th ch-YUG"]
[Site "Banja Koviljaca YUG"]
[Date "2002.03.17"]
[Round "2"]
[White "Abramovic,B"]
[Black "Pikula,D"]
[Result "0-1"]
[WhiteElo "2524"]
[BlackElo "2466"]

1.d4 Nf6 2.c4 e6 3.Nf3 b6 4.g3 Ba6 5.b3 Bb7 6.Bg2 Bb4+ 7.Bd2 a5 8.O-O O-O
9.Nc3 d6 10.Qc2 Nbd7 11.Rfe1 Bxc3 12.Bxc3 Be4 13.Qc1 h6 14.Bh3 Bh7 15.Nd2 d5
16.f3 c6 17.e4 b5 18.a4 b4 19.Bb2 Rc8 20.c5 Qe7 21.e5 Ne8 22.Nf1 Nc7 23.Ne3 Rce8
24.Qd2 Kh8 25.Re2 h5 26.Rae1 Rg8 27.f4 Be4 28.f5 f6 29.fxe6 Nxe6 30.Nf5 Bxf5
31.Bxf5 fxe5 32.Rf2 e4 33.Bc1 Ref8 34.Ref1 Rf6 35.Qe2 g6 36.Bxe6 Qxe6 37.Qe3 Rgf8
38.Qh6+ Kg8 39.Bf4 R8f7 40.Re1 Rf5 41.g4 hxg4 42.Bg3 Rxf2 43.Bxf2 Rf3 44.Re3 Qf5
45.Bg3 Rf1+ 46.Kg2 Rd1 47.Re1 Qf3+ 48.Kg1 Nf8 49.Rxd1 Qxd1+ 50.Kg2 Qxb3  0-1

[Event "13th Goodricke"]
[Site "Calcutta IND"]
[Date "2002.03.17"]
[Round "1"]
[White "Kuzmin,A"]
[Black "Ravi,T"]
[Result "1/2-1/2"]
[WhiteElo "2568"]
[BlackElo "2357"]

1.d4 Nf6 2.c4 e6 3.Nf3 b6 4.g3 Ba6 5.Qa4 Bb7 6.Bg2 c5 7.dxc5 Bxc5 8.O-O O-O
9.Nc3 Be7 10.Bf4 Na6 11.Rfd1 Nc5 12.Qc2 Qc8 13.Rd4 d5 14.cxd5 Nxd5 15.Nxd5 Bxd5
16.Ng5 Bxg5 17.Bxg5 Bxg2 18.Kxg2 Qb7+ 19.Kg1 e5 20.Rc4 Ne6 21.Be3 Rfd8 22.Rc1 Rd7
23.Qe4 Qxe4 24.Rxe4 f6 25.Ra4 Rb8 26.Kg2 Kf7 27.g4 g6 28.Rc6 Ke7 29.b3 f5
30.f3 Kf7 31.gxf5 gxf5 32.Rh4 Rg8+ 33.Kf2 Kf6 34.Bc1 f4 35.Bb2 Kf5 36.Bc3 Rg5
37.Rh6 Rg6 38.Rh5+ Rg5 39.Rh6 Rg6 40.Rh5+ Rg5  1/2-1/2

[Event "57th ch-YUG"]
[Site "Banja Koviljaca YUG"]
[Date "2002.03.19"]
[Round "4"]
[White "Jeremic,V"]
[Black "Savic,Miod1"]
[Result "1/2-1/2"]
[WhiteElo "2484"]
[BlackElo "2469"]

1.d4 Nf6 2.Nf3 e6 3.c4 b6 4.g3 Ba6 5.b3 b5 6.cxb5 Bxb5 7.Bg2 Bb4+ 8.Bd2 a5
9.O-O Bc6 10.Bf4 O-O 11.a3 Be7 12.Qc2 Qc8 13.Re1 Qb7 14.Nc3 Ne4 15.Nxe4 Bxe4
16.Qxc7 Qxc7 17.Bxc7 Nc6 18.Bf4 Ra6 19.Be3 Bf6 20.b4 axb4 21.axb4 Rxa1 22.Rxa1 Nxb4
23.Bd2 Nc2 24.Ra7 Rb8 25.h4 d5 26.e3 h6 27.Ne1 Nxe1 28.Bxe4 dxe4 29.Bxe1 Rb1
30.Kf1 g6  1/2-1/2

[Event "57th ch-YUG"]
[Site "Banja Koviljaca YUG"]
[Date "2002.03.19"]
[Round "4"]
[White "Abramovic,B"]
[Black "Ostojic,N"]
[Result "1/2-1/2"]
[WhiteElo "2524"]
[BlackElo "2475"]

1.d4 Nf6 2.c4 e6 3.Nf3 b6 4.g3 Ba6 5.b3 Bb4+ 6.Bd2 Be7 7.Bg2 c6 8.Bc3 d5
9.Nbd2 O-O 10.Qc2 Nbd7 11.e4 Rc8 12.O-O Nxe4 13.Nxe4 dxe4 14.Qxe4 b5 15.Ne5 Nxe5
16.dxe5 bxc4 17.Rfd1 Qb6 18.bxc4 Bc5 19.Bd4 Bxd4 20.Rxd4 c5 21.Rd6 Qb2 22.Rb1 Qxa2
23.Bf1 Rcd8 24.Rxd8 Rxd8 25.Rd1 Rf8 26.Rd7 Bc8 27.Rc7 Qa6 28.Qa8 Rd8 29.Qxa7 Qxa7
30.Rxa7 Rd7 31.Ra8 Rc7 32.Bg2 Kf8 33.Bb7 Rxb7 34.Rxc8+ Ke7 35.Rxc5 Kd7 36.Kg2 Ra7
37.Kf3 Ra3+ 38.Kf4 Rc3 39.h4 h6 40.h5 Rc2 41.f3 Rc3 42.Ke4 Rc1 43.g4 g5 44.Kd3 Rf1
45.Ke3 Rc1 46.Kf2 Rc2+ 47.Kg3 Rc3 48.Ra5 Rxc4 49.Ra7+ Ke8 50.Ra8+ Ke7 51.Rh8 Rc5
52.Rxh6 Rxe5 53.Rh8 Kf6 54.Rg8 Re1 55.h6 Rh1 56.f4 gxf4+ 57.Kxf4 e5+ 58.Kg3 Ke6
59.g5 Kf5  1/2-1/2

[Event "57th ch-YUG"]
[Site "Banja Koviljaca YUG"]
[Date "2002.03.19"]
[Round "4"]
[White "Blagojevic,D"]
[Black "Pikula,D"]
[Result "1/2-1/2"]
[WhiteElo "2508"]
[BlackElo "2466"]

1.d4 Nf6 2.Nf3 e6 3.c4 b6 4.g3 Ba6 5.b3 Bb7 6.Bg2 Bb4+ 7.Bd2 a5 8.O-O O-O
9.Nc3 d6 10.Qc2 Nbd7 11.Ne1 Bxg2 12.Nxg2 c6 13.e4  1/2-1/2

[Event "Spring Festival"]
[Site "Budapest HUN"]
[Date "2002.03.21"]
[Round "7"]
[White "Cooke,E"]
[Black "Horvath,An"]
[Result "1-0"]
[WhiteElo "2195"]
[BlackElo "2299"]

1.d4 Nf6 2.c4 e6 3.Nf3 b6 4.g3 Ba6 5.Qc2 c5 6.Bg2 Bb7 7.O-O cxd4 8.Nxd4 Bxg2
9.Kxg2 Be7 10.b3 O-O 11.Bb2 Qc7 12.Qc3 d6 13.Qf3 Nbd7 14.Nc6 Ne5 15.Bxe5 dxe5
16.Nxe7+ Qxe7 17.Nc3 Rad8 18.Rfd1 h6 19.h3 Nh7 20.Rxd8 Rxd8 21.Rd1 f5 22.Rxd8+ Qxd8
23.Qc6 Nf8 24.Nb5 Qd2 25.Nc7 Qxe2 26.Nxe6 Nxe6 27.Qxe6+ Kh8 28.Qc8+ Kh7 29.Qxf5+ Kh8
30.a4 Qb2 31.Qf3 Qb1 32.h4 Qb2 33.Qe3 Qc2 34.g4 e4 35.g5 hxg5 36.hxg5 Kh7
37.Kg3 Qb1 38.Kf4 g6 39.Qxe4 Qxb3 40.Qe7+ Kg8 41.Qe6+ Kh7 42.Qf7+ Kh8 43.Qf8+ Kh7
44.Qh6+ Kg8 45.Qxg6+ Kf8 46.Qf5+ Ke7 47.Qe5+  1-0

[Event "57th ch-YUG"]
[Site "Banja Koviljaca YUG"]
[Date "2002.03.23"]
[Round "7"]
[White "Ilincic,Z"]
[Black "Damljanovic,B"]
[Result "1/2-1/2"]
[WhiteElo "2534"]
[BlackElo "2545"]

1.d4 Nf6 2.c4 e6 3.Nf3 b6 4.g3 Ba6 5.Qa4 Bb7 6.Bg2 c5 7.O-O cxd4 8.Nxd4 Bxg2
9.Kxg2 Be7 10.Rd1 O-O 11.Nc3 a6 12.Bf4 Qc8 13.f3 Qb7 14.Rd2 Rc8 15.Rad1 Nc6
16.Nxc6 Qxc6 17.Qxc6 Rxc6 18.e4 Bb4 19.e5 Bxc3 20.bxc3 Ne8 21.Rxd7 Rxc4 22.Rb7 b5
23.Rdd7 Rac8 24.Rxf7 R8c7 25.Rfxc7 Nxc7 26.Rb6 Rxc3 27.Bg5 Kf7 28.Bd8 Nd5
29.Rxa6 b4 30.f4 h5 31.Kh3 Nxf4+ 32.Kh4 Ng6+ 33.Kxh5 Nxe5 34.Ra7+ Kg8 35.Be7 Rc4
36.h3 Nf7 37.g4 Rc3 38.Kh4 b3 39.axb3 Rxb3 40.Ra3 Rxa3  1/2-1/2

[Event "Spring Festival"]
[Site "Budapest HUN"]
[Date "2002.03.23"]
[Round "9"]
[White "Banusz,T"]
[Black "Metaxasz,V"]
[Result "1-0"]
[WhiteElo "2217"]
[BlackElo "2183"]

1.d4 Nf6 2.c4 e6 3.Nf3 b6 4.g3 Ba6 5.b3 Bb4+ 6.Bd2 Be7 7.Bg2 d5 8.cxd5 exd5
9.O-O Nbd7 10.Bf4 O-O 11.Ne5 Nxe5 12.dxe5 Ne4 13.Qc2 Nc5 14.Rd1 c6 15.e4 d4
16.b4 Ne6 17.Qb2 g5 18.Bc1 c5 19.b5 Bb7 20.f4 d3 21.f5 Qd4+ 22.Kh1 Bxe4 23.fxe6 Bxg2+
24.Kxg2 Qe4+ 25.Kg1 c4 26.Qg2 Qd4+ 27.Kh1 fxe6 28.Bb2 Qe3 29.Nd2 c3 30.Bxc3 Rac8
31.Ne4 Bb4 32.Re1 Bxc3 33.Rxe3 Bxa1 34.Re1 Bxe5 35.Qd2 Rfd8 36.Qxg5+ Bg7
37.Rd1 Rd4 38.Nf6+ Kh8 39.Nh5  1-0

[Event "13th Goodricke"]
[Site "Calcutta IND"]
[Date "2002.03.23"]
[Round "7"]
[White "Fominyh,A"]
[Black "Lalic,B"]
[Result "1/2-1/2"]
[WhiteElo "2536"]
[BlackElo "2523"]

1.d4 Nf6 2.Nf3 e6 3.c4 b6 4.g3 Ba6 5.Qb3 Nc6 6.Nbd2 Na5 7.Qa4 Bb7 8.Bg2 c5
9.dxc5 bxc5 10.Nb3 Nxb3 11.axb3 Be7 12.O-O O-O 13.Rd1 Bc6 14.Qa6 Qb6 15.Qxb6 axb6
16.Bf4 d6 17.Ne1 Bxg2 18.Kxg2 h6 19.Nc2 e5 20.Bd2 Rfb8 21.Ra4 Rxa4 22.bxa4 Ra8
23.b4 d5 24.cxd5 Nxd5 25.Kf1 Rd8 26.Ke1 f5 27.Ne3 Nxe3 28.Bxe3 Kf7 29.Rxd8 Bxd8
30.a5  1/2-1/2

[Event "57th ch-YUG"]
[Site "Banja Koviljaca YUG"]
[Date "2002.03.24"]
[Round "8"]
[White "Damljanovic,B"]
[Black "Savic,Miod1"]
[Result "1/2-1/2"]
[WhiteElo "2545"]
[BlackElo "2469"]

1.Nf3 Nf6 2.c4 b6 3.d4 e6 4.g3 Ba6 5.b3 Bb7 6.Bg2 Bb4+ 7.Bd2 a5 8.O-O O-O
9.Qc2 Na6 10.Nc3 d6 11.a3 Bxc3 12.Bxc3 Be4 13.Qc1 c6 14.Bh3 Bxf3 15.exf3 b5
16.a4 bxc4 17.bxc4 Nb4 18.Qd2 Rb8 19.Rfe1 Rb7 20.Bg2 Nd7 21.Reb1 Qc7 22.Bxb4 Rfb8
23.f4 Rxb4 24.Rxb4 Rxb4 25.Qd3 g6 26.h4 Nf6 27.d5 cxd5 28.cxd5 Qc4 29.Qxc4 Rxc4
30.dxe6 fxe6 31.Bf1 Rb4 32.Bh3 Kf7 33.Rc1 e5 34.Rc7+ Kf8 35.Be6 Ke8 36.Rf7 exf4
37.Rxf6 Ke7 38.Rf7+ Kxe6 39.Rxh7 Rxa4 40.Kg2 fxg3 41.fxg3 Ra2+ 42.Kf3 a4
43.Rg7 Kf6 44.Rd7 Ra3+ 45.Kf4 Rd3 46.Ra7 a3 47.Ra6 Ke6 48.g4 Rh3 49.Kg5 Ke5
50.Kxg6 Rxh4 51.g5 Rh3 52.Kg7 d5 53.g6 d4 54.Kf7 Rf3+ 55.Ke7 Rg3 56.Ra5+ Ke4
57.Kf7 Rf3+ 58.Ke7 Rg3 59.Kf7 Rf3+ 60.Ke7 Rg3  1/2-1/2

[Event "57th ch-YUG"]
[Site "Banja Koviljaca YUG"]
[Date "2002.03.25"]
[Round "9"]
[White "Antic,D"]
[Black "Jeremic,V"]
[Result "1-0"]
[WhiteElo "2470"]
[BlackElo "2484"]

1.d4 Nf6 2.c4 e6 3.Nf3 b6 4.g3 Ba6 5.b3 Bb7 6.Bg2 Bb4+ 7.Bd2 a5 8.O-O O-O
9.a3 Bxd2 10.Qxd2 d6 11.Nc3 Ne4 12.Nxe4 Bxe4 13.Qf4 f5 14.Ng5 Bxg2 15.Kxg2 Rf6
16.d5 e5 17.Qe3 Qe7 18.Ne6 c5 19.b4 Nd7 20.bxa5 Rxa5 21.Rfb1 Qe8 22.a4 Ra7
23.Qb3 Qa8 24.f3 Ra5 25.h3 Rf7 26.Qc2 g6 27.g4 f4 28.h4 Kh8 29.Qc3 Kg8 30.Qc2 Kh8
31.Ng5 Re7 32.Ne4 Qb8 33.Qc3 Qc7 34.Rb5 Re8 35.Rxa5 bxa5 36.Rb1 h6 37.Rb5 Ra8
38.Qb2 Ra7 39.Qb1 Kg7 40.h5 gxh5 41.gxh5  1-0

[Event "13th Goodricke"]
[Site "Calcutta IND"]
[Date "2002.03.25"]
[Round "9"]
[White "Fominyh,A"]
[Black "Shariyazdanov,A"]
[Result "1/2-1/2"]
[WhiteElo "2536"]
[BlackElo "2532"]

1.d4 Nf6 2.c4 e6 3.Nf3 b6 4.g3 Ba6 5.Qa4 c5 6.Bg2 Bb7 7.dxc5 bxc5 8.O-O Be7
9.Nc3 O-O 10.Rd1 Qb6 11.Bf4 d6 12.Rab1 Na6 13.a3 Rac8 14.Qc2 Rfd8 15.e4 h6
16.h3 Bc6 17.Be3 Qb7 18.Ne1 Nd7 19.b3 Qa8 20.f4 Nb6 21.Rd3 Nc7 22.Rbd1 d5
23.cxd5 exd5 24.exd5 Ncxd5 25.Nxd5 Bxd5 26.Bxd5 Rxd5 27.Rxd5  1/2-1/2

[Event "57th ch-YUG"]
[Site "Banja Koviljaca YUG"]
[Date "2002.03.26"]
[Round "10"]
[White "Antic,D"]
[Black "Ostojic,N"]
[Result "0-1"]
[WhiteElo "2470"]
[BlackElo "2475"]

1.d4 Nf6 2.c4 e6 3.Nf3 b6 4.g3 Ba6 5.b3 Bb4+ 6.Bd2 Bxd2+ 7.Qxd2 c6 8.Bg2 d5
9.O-O O-O 10.Ne5 Nfd7 11.Nd3 dxc4 12.Nb4 cxb3 13.Nxa6 Nxa6 14.axb3 Ndb8 15.Na3 Nc7
16.Nc4 Nd5 17.Ne5 a5 18.Rfc1 Qd6 19.Nc4 Qd8 20.e4 Nb4 21.e5 Ra7 22.Nd6 Rd7
23.Rc4 Rxd6 24.exd6 Qxd6 25.Qe3 Rd8 26.Bf3 h6 27.Rd1 Nd7 28.h4 Nf6 29.Qe2 Nfd5
30.Rcc1 Nc7 31.Qc4 Nb5 32.d5 Na3 33.Qd4 cxd5 34.Be2 b5 35.Qa7 Nc6 36.Qb6 Ne5
37.Qxa5 b4 38.Rc7 d4 39.Rb7 d3 40.Bf1  0-1

[Event "13th Goodricke"]
[Site "Calcutta IND"]
[Date "2002.03.27"]
[Round "11"]
[White "Bakre,T"]
[Black "Ravi,T"]
[Result "1-0"]
[WhiteElo "2477"]
[BlackElo "2357"]

1.d4 Nf6 2.c4 e6 3.Nf3 b6 4.g3 Ba6 5.b3 Bb4+ 6.Bd2 Be7 7.Nc3 d5 8.Bg2 c5
9.O-O Nc6 10.cxd5 exd5 11.dxc5 bxc5 12.Rc1 O-O 13.Bg5 Ne4 14.Bxe7 Nxe7 15.Nxe4 dxe4
16.Ng5 Qxd1 17.Rfxd1 f5 18.Rd7 Rfe8 19.Bf1 Bb5 20.Rc7 h6 21.Ne6 Kf7 22.Nf4 Rec8
23.R1xc5 Rxc7 24.Rxc7 Rd8 25.Rxa7 g5 26.a4 Bd7 27.Ng2 Be6 28.Rb7 Rd1 29.f3 exf3
30.exf3 Bd5 31.Rb6 Bxf3 32.Kf2 Be4 33.Ne3 Rd2+ 34.Kg1 f4 35.Nc4 Rd1 36.Nd6+ Ke6
37.Nxe4+ Ke5 38.Nf2 Ra1 39.gxf4+ Kxf4 40.Nd3+ Kg4 41.Re6 Nf5 42.Rc6 Nh4 43.Kf2  1-0

[Event "57th ch-YUG"]
[Site "Banja Koviljaca YUG"]
[Date "2002.03.29"]
[Round "13"]
[White "Abramovic,B"]
[Black "Kovacevic,A"]
[Result "1/2-1/2"]
[WhiteElo "2524"]
[BlackElo "2549"]

1.d4 Nf6 2.c4 e6 3.Nf3 b6 4.g3 Ba6 5.b3 b5 6.cxb5 Bxb5 7.Bg2 d5 8.O-O Nbd7
9.Ba3 Bd6 10.Bxd6 cxd6 11.Nc3 Bc6 12.Qd2 O-O 13.Rfc1  1/2-1/2

[Event "6th Neckar Open"]
[Site "Deizisau GER"]
[Date "2002.03.30"]
[Round "5"]
[White "Dautov,R"]
[Black "Zeller,F"]
[Result "1-0"]
[WhiteElo "2636"]
[BlackElo "2465"]

1.d4 Nf6 2.c4 e6 3.Nf3 b6 4.g3 Ba6 5.b3 Bb7 6.Bg2 Bb4+ 7.Bd2 a5 8.O-O O-O
9.Nc3 d6 10.Qc2 Nbd7 11.Rfe1 Bxc3 12.Bxc3 Be4 13.Qc1 b5 14.cxb5 a4 15.b4 Qb8
16.Bf1 Bxf3 17.exf3 Nd5 18.a3 N7b6 19.Bb2 Qd8 20.Qc2 Qf6 21.Bd3 g6 22.Qe2 Qg7
23.Rac1 Rfe8 24.h4 Re7 25.Kg2 Rf8 26.Qd2 f5 27.Bb1 Qf6 28.Re2 f4 29.Be4 g5
30.g4 h5 31.gxh5 g4 32.Rh1 Nc4 33.Qd3 Nce3+ 34.fxe3 fxe3 35.Kg1 Qf4 36.Rg2 Rg7
37.h6 Qxh6 38.Bxd5 exd5 39.fxg4 Qf4 40.Qe2 Qe4 41.Rh3 Re7 42.Kh2 Qf4+ 43.Rhg3 Rf6
44.h5 Re4 45.Bc1 Rfe6 46.Kg1 Qf6 47.Bb2 Rf4 48.Bc3 Ree4 49.g5 Qf5 50.h6 Rh4
51.Rh2 Rxh2 52.Kxh2 Rh4+ 53.Kg1 Qe4 54.Rg2 Rh3 55.Be1 Qb1 56.g6 Kh8 57.Qf1  1-0

[Event "Suetin Mem"]
[Site "Tula RUS"]
[Date "2002.03.30"]
[Round "8"]
[White "Pastushkov,M"]
[Black "Trushelyov,V"]
[Result "0-1"]
[WhiteElo "2167"]
[BlackElo "2124"]

1.Nf3 Nf6 2.d4 e6 3.c4 b6 4.g3 Ba6 5.Qc2 c5 6.Bg2 Nc6 7.e3 Rc8 8.b3 Nb4 9.Qd1 d5
10.Ne5 Nc6 11.Nxc6 Rxc6 12.O-O cxd4 13.exd4 Rc7 14.Re1 dxc4 15.bxc4 Bxc4
16.Na3 Bd5 17.Bf4 Rd7 18.Qa4 Bxa3 19.Qxa3 Bxg2 20.Kxg2 Qe7 21.Qxe7+ Kxe7
22.Be5 Rc8 23.Rac1 Rxc1 24.Rxc1 Ne8 25.Rc4 f6 26.Bb8 Nd6 27.Ra4 a5 28.Kf3 Nb5
29.Ke3 Rb7  0-1

[Event "6th Neckar Open"]
[Site "Deizisau GER"]
[Date "2002.03.31"]
[Round "7"]
[White "Dautov,R"]
[Black "Epishin,V"]
[Result "1/2-1/2"]
[WhiteElo "2636"]
[BlackElo "2599"]

1.d4 Nf6 2.c4 e6 3.Nf3 b6 4.g3 Ba6 5.b3 Bb7 6.Bg2 Bb4+ 7.Bd2 a5 8.O-O O-O
9.Nc3 d5 10.cxd5 exd5 11.a3 Be7 12.Bf4 Na6 13.Qc2 Re8 14.Rfd1 Qd7 15.Bc1 Ne4
16.Bb2 Bf6 17.e3 Rac8 18.Rac1 Qf5 19.Ne5 Rcd8 20.Nb5 c5 21.f3 Nd6 22.Nxd6 Qxc2
23.Rxc2 Rxd6 24.f4 Red8 25.Rcd2 Be7 26.Nc4 dxc4 27.Bxb7 cxd4 28.bxc4  1/2-1/2

[Event "40th Doeberl Cup"]
[Site "Canberra AUS"]
[Date "2002.04.01"]
[Round "7"]
[White "Safarian,A"]
[Black "Samar,R"]
[Result "0-1"]
[WhiteElo "2051"]
[BlackElo "2318"]

1.d4 Nf6 2.c4 e6 3.Nf3 b6 4.g3 Ba6 5.Qc2 Bb4+ 6.Bd2 Bxd2+ 7.Nbxd2 c5 8.Bg2 Bb7
9.dxc5 bxc5 10.O-O O-O 11.Rfd1 Qc7 12.Rac1 Nc6 13.a3 a5 14.Ng5 Nd4 15.Qd3 Bxg2
16.Kxg2 Qb7+ 17.e4 Rfd8 18.Rb1 e5 19.Ngf3 Re8 20.Nxd4 exd4 21.Re1 Ng4 22.Qb3 Qc6
23.h3 Ne5 24.f4 Rab8 25.Qc2 Ng6 26.Kh2 h5 27.h4 Rb6 28.Nf3 Qb7 29.Qd2 Rxe4
30.Rxe4 Qxe4 31.Qxa5 Re6 32.Nd2 Qe2+ 33.Kh1 Re3 34.Rg1 Qg4 35.Kh2 Nxf4  0-1

[Event "6th Neckar Open"]
[Site "Deizisau GER"]
[Date "2002.04.01"]
[Round "8"]
[White "Schlosser,P"]
[Black "Dautov,R"]
[Result "0-1"]
[WhiteElo "2472"]
[BlackElo "2636"]

1.d4 Nf6 2.c4 e6 3.Nf3 b6 4.g3 Ba6 5.b3 Bb4+ 6.Bd2 Be7 7.Bg2 O-O 8.O-O d5
9.cxd5 exd5 10.Nc3 Bb7 11.Qc2 Na6 12.Rfd1 Qc8 13.Nh4 g6 14.Bg5 Qe6 15.Nf3 Rfe8
16.a3 c5 17.Rac1 Rac8 18.Nb5 Nc7 19.Nxc7 Rxc7 20.dxc5 bxc5 21.b4 c4 22.Nd4 Qb6
23.Rb1 Ne4 24.Bxe7 Rcxe7 25.Bxe4 Rxe4 26.Qc3 h5 27.Rb2 h4 28.a4 Qd6 29.Kg2 Qd7
30.b5 Bc8 31.Qf3 Qd8 32.Rbd2 Qg5 33.Kg1 Bg4 34.Qg2 c3  0-1

[Event "New White Plus GM open"]
[Site "Dhaka BAN"]
[Date "2002.04.02"]
[Round "4"]
[White "Islam,Kh"]
[Black "Rahman,Tai"]
[Result "0-1"]
[WhiteElo "2276"]
[BlackElo "2264"]

1.d4 Nf6 2.Nf3 e6 3.c4 b6 4.g3 Ba6 5.b3 Bb4+ 6.Bd2 Be7 7.Bg2 d5 8.Ne5 c6
9.Bc3 Nfd7 10.Nxd7 Nxd7 11.Nd2 Rb8 12.O-O b5 13.e4 O-O 14.Re1 bxc4 15.bxc4 Bb4
16.Qc2 dxc4 17.Bxb4 Rxb4 18.a3 Rb5 19.e5 Nb6 20.Re4 f5 21.exf6 Qxf6 22.Rh4 Qxf2+
23.Kh1 Rbf5 24.Rf1 Qe2 25.Rxf5 Rxf5 26.Re4 Qd3 27.Qxd3 cxd3 28.Kg1 Nc4 29.Nxc4 Bxc4
30.Re1 Bb3  0-1

[Event "Economic Faculty"]
[Site "Subotica YUG"]
[Date "2002.04.04"]
[Round "10"]
[White "Todorovic,J"]
[Black "Sedlak,N"]
[Result "1/2-1/2"]
[WhiteElo "2426"]
[BlackElo "2442"]

1.d4 Nf6 2.c4 e6 3.Nf3 b6 4.g3 Ba6 5.b3 Bb4+ 6.Bd2 Be7 7.Nc3 d5 8.cxd5 exd5
9.Bg2 O-O 10.O-O Re8  1/2-1/2

[Event "Golden Cleopatra"]
[Site "Cairo EGY"]
[Date "2002.04.15"]
[Round "9"]
[White "Abou el Zein,E"]
[Black "Ahmed,Es"]
[Result "0-1"]
[WhiteElo "2333"]
[BlackElo "2382"]

1.d4 Nf6 2.Nf3 e6 3.c4 b6 4.g3 Ba6 5.b3 Bb4+ 6.Bd2 Be7 7.Bg2 d5 8.O-O c6
9.Ne5 Nbd7 10.Nxd7 Nxd7 11.Bc3 Rc8 12.Nd2 O-O 13.e4 b5 14.Re1 dxe4 15.Bxe4 bxc4
16.bxc4 Nb6 17.Qh5 g6 18.Qa5 Bxc4 19.Nxc4 Nxc4 20.Qa6 Nd6 21.Bg2 Nb5 22.Ba5 Qd7
23.Rab1 Nxd4 24.Rb7 Qd6 25.Bd2 e5 26.Qxa7 Ra8 27.Qb6 Rxa2 28.Bh6 Rfa8 29.Rxe7 Re2
30.Rb1 Qxe7 31.Bxc6 Rd8 32.Bg2 Nf5 33.Qa6 Rxf2 34.Kxf2 Qc5+ 35.Kf1 Nxh6 36.Qe2 Nf5
37.Re1 f6 38.Be4 Nd4 39.Qa2+ Kg7 40.Rb1 Rd7 41.Rb8 Qc1+ 42.Kg2 Nb3 43.Qa8 Rd2+
44.Kh3 Qf1+ 45.Bg2 Qf5+ 46.g4 Rd3+  0-1

[Event "Golden Cleopatra"]
[Site "Cairo EGY"]
[Date "2002.04.15"]
[Round "9"]
[White "Elkadi,A"]
[Black "Chumfwa,S"]
[Result "1-0"]
[WhiteElo "2157"]
[BlackElo "2229"]

1.d4 Nf6 2.c4 e6 3.Nf3 b6 4.g3 Ba6 5.Qa4 Bb7 6.Bg2 c5 7.dxc5 Bxc5 8.O-O Be7
9.Nc3 Na6 10.Rd1 O-O 11.Bf4 Nc5 12.Qc2 Qc8 13.Rac1 a6 14.Be5 Nce4 15.Na4 Bd8
16.Qb3 Nc5 17.Nxc5 bxc5 18.Qd3 Qc6 19.b3 d5 20.Ng5 Ne4 21.cxd5 exd5 22.Nxe4 dxe4
23.Qc3 Qg6 24.Rd7 Bc8 25.Rd6 Be6 26.Rc6 Bg5 27.e3 a5 28.Rxc5 a4 29.Bxg7 Be7
30.Bxf8 Bxf8 31.Re5 f5 32.Rb5 a3 33.Rb6 Qf7 34.Bf1 Bg7 35.Qb4 Bf8 36.Rb8 Ra7
37.Bc4 Bxc4 38.Qxc4 Qxc4 39.Rxc4 Rd7 40.Rcc8  1-0

[Event "Classics GM"]
[Site "Gausdal NOR"]
[Date "2002.04.15"]
[Round "6"]
[White "Arkell,K"]
[Black "Ostenstad,B"]
[Result "1/2-1/2"]
[WhiteElo "2463"]
[BlackElo "2438"]

1.d4 Nf6 2.Nf3 e6 3.c4 b6 4.g3 Ba6 5.b3 Bb4+ 6.Bd2 Be7 7.Bg2 c6 8.Bc3 d5
9.Nbd2 Nbd7 10.O-O O-O 11.Re1 c5 12.cxd5 Nxd5 13.Bb2 Rc8 14.Rc1 Bb7 15.a3 cxd4
16.Nxd4 Rxc1 17.Qxc1 Qa8 18.Qa1 N5f6 19.Bxb7 Qxb7 20.Rc1 Rc8 21.Rxc8+ Qxc8
22.Qc1  1/2-1/2

[Event "Open"]
[Site "Dubai UAE"]
[Date "2002.04.18"]
[Round "4"]
[White "Kuzmin,A"]
[Black "Istratescu,A"]
[Result "0-1"]
[WhiteElo "2568"]
[BlackElo "2605"]

1.d4 Nf6 2.c4 e6 3.Nf3 b6 4.g3 Ba6 5.Nbd2 d5 6.Bg2 Be7 7.O-O O-O 8.Ne5 Bb7
9.b3 a5 10.Bb2 Na6 11.cxd5 exd5 12.Nd3 Re8 13.Nf4 Bd6 14.Nc4 Bxf4 15.gxf4 Ne4
16.Ne5 f6 17.Nf3 Qd6 18.e3 Nb4 19.a3 Nc6 20.Qc2 a4 21.bxa4 Na5 22.Bc3 Nc4
23.Bb4 Qd7 24.a5 bxa5 25.Bc3 Ba6 26.Rfb1 Rab8 27.Be1 Rb6 28.Rxb6 cxb6 29.Nd2 Nexd2
30.Bxd2 Qd6 31.Qa2 Kh8 32.Be1 Bc8 33.Qb3 Be6 34.a4 Qd7 35.Rb1 Qf7 36.Rc1 Rd8
37.Qb5 Rd6 38.Qa6 h6 39.Qa8+ Kh7 40.Qb8 Qg6 41.Kh1 Rc6 42.Bf3 Ne5 43.Ra1  0-1

[Event "Alushta-100"]
[Site "Alushta UKR"]
[Date "2002.04.19"]
[Round "?"]
[White "Shtyrenkov,V"]
[Black "Zavgorodniy,S"]
[Result "1/2-1/2"]
[WhiteElo "2474"]
[BlackElo "2389"]

1.d4 Nf6 2.c4 e6 3.Nf3 b6 4.g3 Ba6 5.Qa4 Bb7 6.Bg2 c5 7.dxc5 Bxc5 8.Nc3 O-O
9.O-O Be7 10.Rd1 Na6 11.Be3 Qc8 12.Rac1 Nc5 13.Qc2 Nce4 14.Bd4 Bc5 15.Nxe4 Bxe4
16.Qc3 Bxd4 17.Nxd4 Bxg2 18.Kxg2 Qb7+ 19.Qf3 Qa6 20.e4 d6 21.Qe2 Qb7 22.f3 a6
23.a4 Rac8 24.b4 Nd7 25.Nb3 Qb8 26.Qd2 Ne5 27.Qxd6 Qxd6 28.Rxd6 Nxc4 29.Rd4 Ne3+
30.Kf2 Nc2 31.Rd6 b5 32.axb5 axb5 33.Rb6 Nxb4  1/2-1/2

[Event "ch-YUG w"]
[Site "Kotor YUG"]
[Date "2002.04.19"]
[Round "7"]
[White "Djuric,Ve"]
[Black "Urosevic,M"]
[Result "1-0"]
[WhiteElo "2082"]
[BlackElo "2045"]

1.d4 Nf6 2.c4 e6 3.Nf3 b6 4.g3 Ba6 5.b3 Bb4+ 6.Bd2 Be7 7.Bg2 c6 8.Bc3 d5
9.Ne5 Nfd7 10.Nxd7 Nxd7 11.Nd2 O-O 12.O-O Nf6 13.e4 b5 14.Re1 dxe4 15.Qc2 Rb8
16.Bf1 bxc4 17.bxc4 c5 18.dxc5 Bxc5 19.Nxe4 Nxe4 20.Rxe4 Qb6 21.Rh4 g6 22.Qd2 f5
23.Re1 Bc8 24.Re2 Rb7 25.Ba1 Be7 26.Rd4 Bf6 27.Rd6 Qc7 28.Bxf6 Rxf6 29.Qd4 Rf8
30.Re5 Qf7 31.Rc5 Rc7 32.Rxc7 Qxc7 33.c5 Qe7 34.Bc4 Re8 35.Bb5 Rf8 36.Bc4 Re8
37.Qe5 Kf7 38.Qd4 Kg8 39.c6 Qg7 40.Bb5 Qxd4 41.Rxd4 Kf7 42.Ra4 Re7 43.Kf1 Rc7
44.Rd4 Ke7 45.f4 a6 46.Ba4 a5 47.Kf2 Ba6 48.Rd7+ Rxd7 49.cxd7 Bc4 50.a3 g5
51.Ke3 h6 52.Kd4 Be2 53.h4 gxf4 54.gxf4 h5 55.Kc5 Bg4 56.Kc6 Kd8 57.Kd6  1-0

[Event "chJ-POL b20"]
[Site "Trzebinia POL"]
[Date "2002.04.20"]
[Round "11"]
[White "Slaby,J"]
[Black "Gajewski,G"]
[Result "1-0"]
[WhiteElo "2305"]
[BlackElo "2362"]

1.d4 Nf6 2.c4 e6 3.Nf3 b6 4.g3 Ba6 5.b3 Bb4+ 6.Bd2 Be7 7.Bg2 c6 8.Bc3 d5
9.Ne5 Nfd7 10.Nxd7 Nxd7 11.Nd2 O-O 12.O-O Nf6 13.e4 b5 14.Re1 dxe4 15.Qe2 bxc4
16.bxc4 Nd5 17.Bb2 Bb4 18.Bxe4 Nc3 19.Bxh7+ Kxh7 20.Bxc3 Qa5 21.Bxb4 Qxb4
22.Rab1 Qa4 23.Ne4 Bxc4 24.Ng5+ Kh6 25.Qe3 Kg6 26.h4 f6 27.Rb7 Qa5 28.Nxe6 Bxe6
29.Qxe6 Kh7 30.Reb1 Rae8 31.Qg4 Rg8 32.h5 Re1+ 33.Rxe1 Qxe1+ 34.Kg2 Qd2 35.Rxa7  1-0

[Event "Open"]
[Site "Dubai UAE"]
[Date "2002.04.22"]
[Round "6"]
[White "Kuzmin,A"]
[Black "Gelashvili,T"]
[Result "1-0"]
[WhiteElo "2568"]
[BlackElo "2552"]

1.d4 Nf6 2.c4 e6 3.Nf3 b6 4.g3 Ba6 5.Qa4 c5 6.Bg2 Bb7 7.dxc5 bxc5 8.O-O Be7
9.Nc3 O-O 10.Bf4 Bc6 11.Qc2 Nh5 12.Bd2 d6 13.Rad1 h6 14.a3 a5 15.e4 Qc8 16.e5 dxe5
17.Nxe5 Bxg2 18.Kxg2 Nf6 19.Nb5 Nc6 20.Nxc6 Qxc6+ 21.f3 a4 22.Bc3 Nd7 23.Rd3 f6
24.Qe2 Nb6 25.Re3 e5 26.Kg1 Bd8 27.f4 exf4 28.Rxf4 Rb8 29.Rfe4 Nc8 30.Qc2 Qd7
31.Rd3 Qc6 32.Qe2 Kf7 33.Qg4 Be7 34.Rd7 Re8 35.Rc7 Qb6 36.Qd7 Kf8 37.Re6 Rd8
38.Rxc8  1-0

[Event "Open"]
[Site "Dubai UAE"]
[Date "2002.04.25"]
[Round "9"]
[White "Graf,A"]
[Black "Shariyazdanov,A"]
[Result "1/2-1/2"]
[WhiteElo "2623"]
[BlackElo "2542"]

1.d4 Nf6 2.c4 e6 3.Nf3 b6 4.g3 Ba6 5.b3 Bb4+ 6.Bd2 Be7 7.Bg2 c6 8.Bc3 d5
9.Nbd2 Nbd7 10.O-O O-O 11.Re1 c5 12.e4 dxe4 13.Nxe4 Nxe4 14.Rxe4 Nf6 15.Re1 Bb7
16.dxc5 Bxc5 17.Ne5 Qc7 18.Ng4 Nd7 19.Nh6+ Kh8 20.Qg4 f6 21.Qxe6 Ne5 22.b4 Rae8
23.Nf7+ Kg8 24.Nh6+ Kh8 25.Nf7+ Kg8  1/2-1/2

[Event "3rd Open"]
[Site "Backa Palanka YUG"]
[Date "2002.05.04"]
[Round "3"]
[White "Ostojic,N"]
[Black "Perunovic,Mio"]
[Result "1/2-1/2"]
[WhiteElo "2462"]
[BlackElo "2334"]

1.d4 Nf6 2.c4 e6 3.Nf3 b6 4.g3 Ba6 5.b3 Bb4+ 6.Bd2 Be7 7.Bg2 Bb7 8.O-O O-O
9.Nc3 d5 10.cxd5 exd5 11.Rc1 Na6 12.Qc2 Qc8 13.Ng5 h6 14.Nxd5 Bxd5 15.Bxd5 hxg5
16.Bxa8 Qxa8 17.Bxg5 Ba3 18.Bxf6 Bxc1 19.Bxg7 Kxg7 20.Rxc1 Qd5 21.e3 Qh5
22.h4 Re8 23.Qc4 b5 24.Qc3 Qd5 25.b4 Re6 26.a3 c6 27.Qd3 f5 28.Qd1 Rg6 29.Qh5 Qe4
30.Qd1 Nc7 31.Rc5 Nd5 32.Qc2 Qe6 33.Kh2 Kf7 34.Qc1 Ke7 35.Qc2 Kd7 36.a4 a6
37.axb5 axb5 38.Qa2 Qd6 39.Qa7+ Qc7 40.Qa8 Nxe3 41.Qf8 Ng4+ 42.Kg2 Rf6 43.Qg7+ Kd6
44.Qg5 Qe7 45.Qf4+ Kd7 46.d5 Qe4+ 47.Qf3 cxd5 48.Rxd5+ Kc6 49.Rxf5 Qxf3+
50.Rxf3 Kd5 51.Rc3 Rxf2+ 52.Kh3 Ne5 53.Rc5+ Ke4 54.Rxb5 Rb2 55.Rb8  1/2-1/2

[Event "3rd Open"]
[Site "Backa Palanka YUG"]
[Date "2002.05.04"]
[Round "3"]
[White "Tadic,B"]
[Black "Savic,Miod1"]
[Result "1/2-1/2"]
[WhiteElo "2442"]
[BlackElo "2498"]

1.d4 Nf6 2.Nf3 e6 3.c4 b6 4.g3 Ba6 5.b3 Bb7 6.Bg2 Bb4+ 7.Bd2 a5 8.O-O O-O
9.Bc3 Re8 10.Qc2 Qc8 11.a3 Be7 12.Nbd2 d5 13.cxd5 exd5 14.Bb2 Bd6 15.Ne5 Nfd7
16.Nxd7 Nxd7 17.e4 Bf8 18.Rac1 c6 19.exd5 cxd5 20.Qf5 Qd8 21.Bxd5 Bxd5 22.Qxd5 Nf6
23.Qxd8 Rexd8 24.Rfe1 Nd5 25.Nc4 b5 26.Ne3 g6 27.Nxd5 Rxd5 28.Re5 Rxe5 29.dxe5 Rd8
30.Kf1 b4 31.axb4 Bxb4 32.Bc3 Rd3 33.Bxb4 axb4 34.Rc8+ Kg7 35.Rc7 Kf8 36.Ke2 Rxb3  1/2-1/2